Science Quiz

Random Science or Animal Quiz

Scientific Names Quiz Stats

 Plays Quiz Updated Sep 20, 2018

Challenge
Share
Tweet
Embed
Score 0/22 Timer 06:00
2 Plays Today
Species Name Animal Name % Correct
Felis catusCat
98.5%
Canis lupus familiarisDog
96%
Panthera tigrisTiger
94.5%
Rattus rattusBlack Rat
93.9%
Panthera leoLion
90%
Equus caballusHorse
89.3%
Canis lupusWolf
84.4%
Bos taurusCattle
84%
Orcinus orcaKiller Whale
67.7%
Equus asinusDonkey
67.2%
Ursus maritimusPolar Bear
59.8%
Species Name Animal Name % Correct
Ursus arctosBrown Bear
56.1%
Vulpes vulpesRed Fox
55.3%
Ovis ariesSheep
43.9%
Sus domesticaPig
42.5%
Gallus gallus domesticusChicken
41%
Capra hircus Goat
38.6%
Canis latransCoyote
36%
Haliaeetus leucocephalusBald Eagle
30.2%
Odocoileus virginianusWhite-Tailed Deer
22.5%
Ailuropoda melanoleucaGiant Panda
13.6%
Rangifer tarandusReindeer
8%

You're not logged in!

Compare scores with friends on all Sporcle quizzes.
OR
Log In

You Might Also Like...

Show Comments

Extras

Top Quizzes Today


Score Distribution

Your Account Isn't Verified!

In order to create a playlist on Sporcle, you need to verify the email address you used during registration. Go to your Sporcle Settings to finish the process.

Report this User

Report this user for behavior that violates our Community Guidelines.

Details: